Decisions, organizations and society

Spremljeno u:
Bibliografski detalji
Format: Knjiga
Jezik:Undetermined
Izdano: New York Penguin Book 1971
Teme:
Oznake: Dodaj oznaku
Bez oznaka, Budi prvi tko označuje ovaj zapis!
Thư viện lưu trữ: Trung tâm Học liệu Trường Đại học Cần Thơ
LEADER 00436nam a2200157Ia 4500
001 CTU_86432
008 210402s9999 xx 000 0 und d
082 |a 301.15 
082 |b D294 
245 0 |a Decisions, organizations and society 
260 |a New York 
260 |b Penguin Book 
260 |c 1971 
650 |a Decision making,Organizational sociology. 
904 |i Năm 
980 |a Trung tâm Học liệu Trường Đại học Cần Thơ